Hindī kaviyoṃ kā chandaśastra ko yogadāna. (Record no. 82771)

MARC details
000 -LEADER
fixed length control field 00948cam a22003011 4500
001 - CONTROL NUMBER
control field sa 68009180
003 - CONTROL NUMBER IDENTIFIER
control field DLC
005 - DATE AND TIME OF LATEST TRANSACTION
control field 20260227112541.0
008 - FIXED-LENGTH DATA ELEMENTS--GENERAL INFORMATION
fixed length control field 890522s1967 ii c 000 0 hino
010 ## - LIBRARY OF CONGRESS CONTROL NUMBER
LC control number sa 68009180
035 ## - SYSTEM CONTROL NUMBER
System control number (OCoLC)19746976
040 ## - CATALOGING SOURCE
Original cataloging agency DLC
Transcribing agency WaU
Modifying agency DLC
042 ## - AUTHENTICATION CODE
Authentication code premarc
043 ## - GEOGRAPHIC AREA CODE
Geographic area code a-ii---
050 00 - LIBRARY OF CONGRESS CALL NUMBER
Classification number PK1939
Item number .S54814
100 1# - MAIN ENTRY--PERSONAL NAME
Personal name Singh, Janki Nath.
245 10 - TITLE STATEMENT
Title Hindī kaviyoṃ kā chandaśastra ko yogadāna.
260 ## - PUBLICATION, DISTRIBUTION, ETC.
Date of publication, distribution, etc. [1967 or 8]
300 ## - PHYSICAL DESCRIPTION
Extent 9, 226, 6 p.
Other physical details port.
Dimensions 23 cm.
440 #0 - SERIES STATEMENT/ADDED ENTRY--TITLE
Title Seṭha Bholārāma Sekasariyā smāraka grantha-mālā,
Volume/sequential designation 20
500 ## - GENERAL NOTE
General note In Hindi.
500 ## - GENERAL NOTE
General note List of the publications of Lucknow University: [1]-6 (3d group)
504 ## - BIBLIOGRAPHY, ETC. NOTE
Bibliography, etc. note Bibliography: p. [207]-212 (3d group)
650 #0 - SUBJECT ADDED ENTRY--TOPICAL TERM
Topical term or geographic name entry element Hindi language
General subdivision Versification.
650 #0 - SUBJECT ADDED ENTRY--TOPICAL TERM
Topical term or geographic name entry element Hindi poetry
General subdivision History and criticism.
700 1# - ADDED ENTRY--PERSONAL NAME
Personal name Dīkshita, Hirālālā,
Dates associated with a name 1916-
700 1# - ADDED ENTRY--PERSONAL NAME
Personal name Shukla, Prabhakar,
Dates associated with a name 1935-

No items available.

Powered by Koha